Responses for show #2463 - Wednesday, April 26, 1995

Contestants

Brenda Beck, an actor from Los Angeles, California

Bill Schantz, a software support manager originally from Glen Ullin, North Dakota

Darlis Wood, a librarian from Berkeley, California (whose 1-day cash winnings total $7,700)

Jeopardy! Round responses

FAMOUS AMERICANS
SHAKESPEAREAN ACTORS
FRUITS & VEGETABLES
NATIONAL PARKS
OCCUPATIONS
CITY QUOTES
    $100 13
Thomas Edison

Bill
    $100 8
"Julius Caesar"

Brenda
    $100 25
carrot

Darlis
    $100 6
Yellowstone

Bill
    $100 1
lawyer (attorney)

Bill
    $100 18
Paris

Bill
    $200 14
Franklin Roosevelt

Brenda
    $200 9
"A Midsummer Night's Dream"

Darlis
    $200 26
broccoli

Bill
    $200 7
Carlsbad Caverns

Darlis
    $200 2
choreographer

Bill
    $200 19
Chicago

Bill
    $300 15
Charles Lindbergh

Bill
    $300 10
"Twelfth Night"

Darlis
    $300 27
raspberry

Darlis
    $300 23
Great Smoky Mountains National Park

Triple Stumper
    $300 3
(Brenda: What are wheels?)

wagons

DarlisBrenda
    $300 20
Athens

Bill
    $400 16
(Darlis: Who is Shirley Temple Black?)

Jeane Kirkpatrick

DarlisBill
    $400 11
Romeo

Bill
    $400 28
plum

Darlis
    $400 24
Hot Springs National Park

Darlis
    $400 4
(Bill: What is a nanny?)

governess

DarlisBill
    $1,300 21
(Bill: Where is New York?)

Boston

Bill
    $500 17
John C. Fremont

Brenda
    $500 12
Petruchio

Darlis
    $500 29
cabbage

Darlis
    $500 30
Maine

Bill
    $500 5
(Darlis: What is a cartographer?)

surveyors

DarlisBill
    $500 22
London

Bill

Scores at the first commercial break (after clue 15):

Darlis Bill Brenda
$1,400 $1,300 $0

Scores at the end of the Jeopardy! Round:

Darlis Bill Brenda
$2,700 $2,200 $500

Double Jeopardy! Round responses

1918
SICKNESS & HEALTH
ARTISTS
WORLD RELIGION
TRAVEL & TOURISM
WRITING EDs
(Alex: Eds who have written something.)
    $200 1
Milky Way

Bill
    $200 25
the cold

Darlis
    $200 3
China

Brenda
    $200 17
polygamy

Bill
    $200 13
the Winter Olympics

Brenda
    $200 8
Uncle Tom's Cabin

Darlis
    $400 2
(Alex: And you got it just in the nick of time!)

Knute Rockne

Darlis
    $400 26
(Alex: Less than a minute to go.)

the eardrum

Bill
    $400 4
Thomas Gainsborough

Bill
    $400 18
the Dalai Lama

Bill
    $400 14
the Coliseum

Bill
    $400 9
Edgar Rice Burroughs

Darlis
    $600 22
Nicholas II

Brenda
    $600 27
(Darlis: What is malaria?)

yellow fever

DarlisBill
    $600 5
Florence

Bill
    $600 19
Shinto

Bill
    $600 15
the Oregon Trail

Bill
    $600 10
Edward Albee

Darlis
    $1,000 23
Romania

Brenda
    $800 28
anemia

Darlis
    $1,100 6
(Bill: Who was Diego Rivera?)

Pablo Picasso

Bill
    $800 20
Shiite

Bill
    $800 16
Columbus

Darlis
    $800 11
Edward Everett Hale

Brenda
    $1000 24
Lord Beaverbrook

Darlis
    $1000 29
lactose

Bill
    $1000 7
(Bill: What is Belgian?)

Dutch

DarlisBill
    $1000 21
St. Francis of Assisi

Bill
    $1000 30
Sweden

Bill
    $1000 12
Edward Lear

Darlis

Scores at the end of the Double Jeopardy! Round:

Darlis Bill Brenda
$8,500 $8,300 $3,300

[wagering suggestions for these scores]

Final Jeopardy! Round responses

BODIES OF WATER
BrendaWhat Pacific and Atlantic
$0
BillWhat are the Indian and Pacific Oceans
$201
DarlisWhat Are Atlantic & Pacific
$8,400
the Atlantic & the Indian Oceans

Final scores:

Darlis Bill Brenda
$100 $8,099 $3,300
3rd place: American Harvest kitchen appliances New champion: $8,099 2nd place: Trip to Holiday Inn Crowne Plaza, San Juan, Puerto Rico

Game dynamics:

Coryat scores:

Darlis Bill Brenda
$8,500 $10,700 $3,100
21 R,
3 W
28 R,
4 W
(including 2 DDs)
8 R
(including 1 DD),
1 W

Combined Coryat: $22,300

The J! Archive is created by fans, for fans. The Jeopardy! game show and all elements thereof, including but not limited to copyright and trademark thereto, are the property of Jeopardy Productions, Inc. and are protected under law. This website is not affiliated with, sponsored by, or operated by Jeopardy Productions, Inc. Join the discussion at JBoard.tv.